[Event "ROM-ch"]
[Site "Olanesti"]
[Date "2018.05.19"]
[Round "6"]
[White "Marin, Mihail"]
[Black "Nevednichy, Vladislav"]
[Result "0-1"]
[WhiteElo "2543"]
[BlackElo "2532"]
[Annotator "Marin,M"]
[PlyCount "122"]
[EventDate "2018.05.14"]
[EventType "swiss"]
[EventRounds "9"]
[EventCountry "ROU"]
[SourceTitle "CBM 185"]
[Source "ChessBase"]
[SourceDate "2018.07.13"]
[SourceVersion "1"]
[SourceVersionDate "2018.07.13"]
[SourceQuality "1"]

1. Nf3 e6 {There were good old times when Vladik used to play King's
fianchetto systems, yielding me many wins in our direct encounters. But
recently he has switched to more solid systems which makes things more
double-edged.} 2. g3 b5 {Frankly, I did not expect this, but I did not mind it
either, as I had some sweet memories in this opening.} 3. Bg2 Bb7 4. d4 Nf6 5.
O-O c5 6. Na3 Qb6 {The most principled way of defending the pawn.} (6... a6 {
avoids the game complications but wastes a developing tempo and takes the
a6-square away from the knight. This justifies White's reaction.} 7. c4 b4 8.
Nc2 cxd4 9. Nfxd4 Bxg2 10. Kxg2 Qc7 11. Qd3 {Black is in no real danger but
WHite's position is more pleasant.} Nc6 12. Nxc6 Qxc6+ 13. Qf3 (13. f3 Be7 14.
Bd2 Rb8 15. e4 O-O 16. Nd4 $14 {(0-1, 49) Maiwald,J (2495)-Georgiev,K (2645)
Germany 1997}) 13... Qxf3+ 14. Kxf3 Rc8 15. b3 d5 16. Ne3 Bc5 17. cxd5 Bd4 18.
Rb1 Bxe3 19. Bxe3 Nxd5 20. Rbc1 $14 {(1-0, 38) Maghsoodloo,P (2572)-Vetoshko,V
(2534) Yerevan 2018}) ({More than 20 years ago I faced} 6... b4 {in a game
which was later awarded the second beauty prize of the Olympiad:} 7. Nc4 cxd4
8. Qxd4 d5 9. Nce5 Ne4 10. c4 bxc3 $2 11. bxc3 f6 12. Rb1 $1 $36 {Marin,M 
(2530)-Aleksandrov,A (2550) Yerevan 1996 CBM 055 [Makarichev,S] (1-0, 40)}) 7.
dxc5 {Although I had not faced this system for a long time and I actually
never had the current position on my board, I vaguely remembered that the plan
initiated by the last move, originated from Romanischin, offers White chances
for the initiative.} (7. c4 {is less effective now.} b4 8. Nc2 Na6 {Black not
only has his queen more active than in the similar line above, but his knight
can immediately take c5 under control.} 9. b3 Be7 10. Bb2 O-O 11. Ne3 cxd4 12.
Bxd4 Nc5 13. Ne5 Bxg2 14. Nxg2 Qc7 15. Nd3 a5 $2 {There is no reason to allow
the spoiling of his kingside structure.} (15... Nxd3 16. Qxd3 a5 $11) 16. Nxc5
Bxc5 17. Bxf6 gxf6 18. e4 Qe5 19. Qf3 a4 20. Rad1 axb3 21. axb3 d6 22. Nf4 f5
23. Nh5 Ra2 {½-½ Burmakin,V (2584)-Jobava,B (2708) Sochi 2014 Actually White
had every reason to keep playing:} 24. exf5 Qxf5 25. Qxf5 exf5 26. Rd5 Rb2 {
This was probably what annoyed him, especially against a very strong opponent.
But White's kingside initiative seems to be more important than the b-pawn.}
27. Rxf5 Rxb3 28. Re1 Rd3 29. Nf6+ Kg7 30. Nd7 {Black faces a choice between
giving up the exchange or losing the f-pawn after Re7, with a very strong
white attack.}) 7... Bxc5 8. b4 {This was how I was prepared to play about a
quarter of a century ago and I saw no reasons for not trying it now. My choice
seemed right, as Vladik thought for 25 minutes before taking the pawn and his
body and face language did not express happiness at all. But much to his
praise, he kept the control in this phase rather well.} Bxb4 ({I was hoping he
would reject the sacrifice with} 8... Be7 {when I calculated} 9. Be3 Qa6 10.
Nxb5 Qxb5 11. Nd4 Qxb4 12. Rb1 {Only later did I find out that there had been
a game. I probably had seen it long time ago, and now just remembered the line
without realising it.} Bxg2 13. Rxb4 Bxf1 14. Rc4 $1 {This maintains White's
material advantage.} O-O (14... Bh3 15. Rc8+ Bd8 16. Qb1 $18) 15. Kxf1 $18 {
Rashkovsky,N (2530)-Farago,I (2510) Forli 1992 (1-0, 31)}) 9. Rb1 Na6 $5 $146 {
Even though it later appeared that this was a novelty, it was the move that
preocupied me most. Black keeps the light-suared bishop'sdiagonal open and is
ready to interfere with the a3-f8 diagonal with the knight if forced to take
on a3. In previous games Black experienced problems castling but it is not
clear whether White had more than just reasonable compensation.} (9... Nc6 10.
c3 Bxa3 11. Bxa3 Na5 12. Bb4 (12. Ne5 Bxg2 13. Kxg2 Rc8 14. Qd4 Nc6 15. Qd6 $44
{Romanishin,O (2555)-Stangl,M (2475) Altensteig 1992 CBM 031 [Dautov,R] (1-0,
22)}) 12... Nc4 13. Nd2 Bxg2 14. Nxc4 bxc4 15. Kxg2 Nd5 16. e4 Nxb4 17. Rxb4
Qc6 18. Qd4 {½-½ Romanishin,O (2543)-Aleksandrov,A (2659) Kolkata 2004}) (
9... Bxa3 $6 10. Bxa3 a5 {Eriksson,J (2401)-Hillarp Persson,T (2547) Vasteras
2011 (0-1, 44)} 11. c3 $36) 10. Be3 {I spent 18 minutes on this move, but
failed to understand all the subtleties.} (10. Nxb5 {is a worthy alternative.
The queen is exposed on b6, so it makes sense to delay or simply refrain from
Be3.} O-O (10... Qxb5 11. a3 O-O {transposes.}) 11. a3 Qxb5 (11... Bc5 12. Bf4
{[%cal Gb5d6]} Qa5 13. Be5 $36) (11... Be7 12. Bf4 {[%cal Gb5c7,Gb5d6]} Qa5 13.
Bd6 Bxd6 14. Nxd6 Bc6 15. Qd4 $14) 12. axb4 Rfc8 13. Qd3 {Despite his control
over the c-file Black has some problems. His a6-knight is passive and the dark
squares are vulnerable.} Qa4 $5 (13... Qxd3 14. cxd3 $14) 14. Bb2 {Keeping
Black under pressure on both wings.} (14. Bg5 $5) 14... Qxc2 (14... Be4 15. Qd2
Qxc2 16. Qg5 h6 17. Qa5) 15. Qa3 Qc7 16. Bxf6 gxf6 17. e4 Rab8 18. Qe3 $36 {
[%csl Ga6,Gg8]}) ({As mentioned above,} 10. c3 Bxa3 11. Bxa3 Nc5 {is
relatively safe for Black.}) 10... Qa5 11. Nxb5 O-O 12. c3 $6 {Another long
thought (19 minutes) resulted in a sub-optimal move.} ({I cannot remember why
I rejected the more active and stronger} 12. c4 Be7 ({Could I have missed that
} 12... Qxa2 $2 {runs into} 13. Ne5 Bxg2 14. Kxg2 $18 {winning material in
view of the threat Ra1?!}) (12... Bc5 13. Bd4 Be4 14. Bxf6 $14 Bxb1 $2 15. Bc3
$18) 13. Bd2 Qd8 14. Bf4 $14) 12... Bc5 13. Bd4 Be4 {With the c3-square
unavailable for the intermediate Bc3 (see the line above) this is entirely
playable.} ({But} 13... Bxd4 14. cxd4 Be4 $11 {also looks fine for Black.}) 14.
Rb2 Rab8 15. a4 Bxd4 {A good practical decision.} ({If} 15... Rfc8 16. Be5 $5 (
{More accurate than} 16. Bxf6 gxf6 17. Nd2 {when Black can consider} Bg6) 16...
Rb7 17. Bxf6 gxf6 18. Nd2 Bxg2 19. Kxg2 {with some chances to exploit the
kingside weaknesses.}) 16. Qxd4 ({If} 16. cxd4 Nc7 {the pin is unpleasant.})
16... Nc7 17. c4 a6 18. Nd6 {White has achieved some activity, making the
structural problems irrelevant. Black has to be careful already.} ({I briefly
considered} 18. Qa7 $2 {until noticing that} Rb7 {wins.}) 18... e5 {This came
as a complete surprise. The idea is interesting but the move order imperfect.}
({Black should have started with} 18... Bxf3 19. Bxf3 ({If} 19. exf3 {Black
does not need to weaken his centre anymore:} Rxb2 20. Qxb2 Qxa4 21. f4 {
White threatens to win the queen with Ra1 and will most likely retrieve the
a-pawn. But Black's structure is very compact so the game would probably end
in a draw.}) 19... e5 {transposing to a line below.} (19... Qxa4 $2 20. Rxb8
Rxb8 21. Qa7 $18)) 19. Qd2 Qxd2 20. Rxd2 Bxf3 21. exf3 $5 {A quick decision,
after less than three minutes. White clears the e-file for attacking e5.} (21.
Bxf3 {seems to lead to just equality after} Rb4 22. a5 Ra4 23. Ne4 Nxe4 24.
Bxe4 Rd8 25. Rfd1 Rxc4 26. Rxd7 Rxd7 27. Rxd7 Kf8 $11) 21... Rb4 22. Re1 Rxa4
23. Rxe5 Ra1+ 24. Bf1 a5 25. f4 {White's dominating pieces at least compensate
for the dangerous passed pawn.} Rb8 $6 (25... Ra8 {offers better chances for
equal chances in a complicated position.} 26. Kg2 Ne6 27. f5 Nd8 28. c5 Nc6 29.
Re3 a4 30. Bc4 a3 31. Bxf7+ Kf8 32. Bc4 a2 33. Kh3 $1 {White has won a pawn
and avoided the immediate threats, but the position is unusual and anything
but clear.}) 26. Kg2 a4 ({The same idea as above actually offers White an
additional tempo:} 26... Ne6 27. Rb5 Ra8 (27... Rxb5 28. cxb5 $16 {[%cal Gb5b7]
}) 28. Be2 $14 {[%cal Ge2f3]}) 27. Ra5 Nce8 28. c5 $2 {A curious reaction.} ({
I do not understand why I didn't play} 28. Nb5 {instantly, as I had considered
27.Nb5 on the previous move, when circumstances were less favourable.} g6 (
28... Ne4 29. Rxd7 Ra2 30. Kg1 Nxf2 31. Rda7 $16) 29. Ra7 h5 30. Be2 $14) (28.
Nxe8 Rxe8 29. c5 $14 {is also fine.} Rc1 30. Bd3 Rc8 31. Rc2 Rxc2 32. Bxc2 {
[%cal Gc2a4]} a3 33. Rxa3 $1) 28... Nxd6 29. cxd6 $6 {Playing for a space
advantage by inertia. After the last move it is White who needs to be careful.}
(29. Rxd6 Rc1 $11) 29... g6 30. Rd4 a3 {By this moment I was in time trouble
already.} 31. Rd3 $2 ({Missing the last chance to keep approximate equality
with} 31. Rda4 $11) 31... a2 32. Rda3 Rb2 33. Bc4 Ne4 (33... Ng4 $17) 34. Rxa2
Rxf2+ 35. Rxf2 Rxa5 36. Rb2 ({In time trouble I decided to refrain from
radical measures, but later I started regretting that I did not play} 36. Ra2
Rxa2+ 37. Bxa2 Nxd6 38. Kf3 {when the bishop's pressure on the kingside seems
to more or less ensure a draw.}) 36... Nxd6 37. Be2 Kf8 38. Bg4 Ke7 39. Re2+
Kd8 40. Rd2 Ra6 {The time trouble is over, but Black has managed to
consolidate. It will soon be clear that the rooks' presence on board offers
Black more realistic attacking chances than White's counterplay.} 41. Be2 Rb6
42. Bd3 f5 43. h3 {I was probably right when thinking that passive defence
would not help. Black mainly needs to get to such a setup: knight on e4 and
pawn on d5, with the king somewhere near. But my attempts at counterplay only
shortened the game.} Rb4 44. Be2 Ne4 45. Rc2 d5 46. g4 Kd7 47. Ra2 Kd6 48. Ra7
{At this moment I had some hopes, but Vladik will play with accuracy until the
end.} Rb2 49. Kf3 Rb3+ 50. Kg2 Rg3+ 51. Kh2 Re3 52. Ba6 {I did not see any
other good square.} fxg4 ({Avoiding the trick} 52... Ra3 53. gxf5 gxf5 54. Rxh7
{with equal pawns already and reasonable saving chances despite poor
coordination.}) 53. Rxh7 Ra3 (53... g3+ $5 54. Kg2 d4 {[%cal Gd4d3,Ge3e2]}) 54.
Rh6 Kc5 (54... Ra2+ 55. Kg1 g3 56. Rxg6+ Kc5 57. f5 {is less clear, at least
from a practical point of view.}) 55. Rxg6 Rxh3+ 56. Kg2 Rg3+ 57. Kh2 Ra3 58.
f5 (58. Bc8 g3+ 59. Kg1 Ra1+ 60. Kg2 Ra2+ 61. Kg1 Kd4 $19) 58... Nd6 59. Bf1
Ra2+ 60. Kg1 Nxf5 61. Rxg4 Ra1 $1 0-1

[Event "Berga op"]
[Site "Berga"]
[Date "1994.??.??"]
[Round "8"]
[White "Marin, Mihail"]
[Black "Suba, Mihai"]
[Result "1/2-1/2"]
[WhiteElo "2530"]
[BlackElo "2525"]
[Annotator "Marin,M"]
[PlyCount "102"]
[EventDate "1994.??.??"]
[EventType "swiss"]
[EventRounds "9"]
[EventCountry "ESP"]
[SourceTitle "EXT 2000"]
[Source "ChessBase"]
[SourceDate "1999.11.16"]
[SourceVersion "1"]
[SourceVersionDate "1999.11.16"]
[SourceQuality "1"]

1. d4 Nf6 2. Nf3 e6 3. g3 c5 4. Bg2 cxd4 (4... Qa5+ 5. Nbd2 Nc6 6. dxc5 Bxc5 7.
O-O Qd8 8. c4 d5 9. cxd5 Nxd5 10. a3 O-O 11. e4 Nf6 12. e5 Nd5 13. Ne4 Be7 14.
b4) 5. O-O Qc7 6. Nxd4 a6 7. b3 d5 8. c4 $1 dxc4 9. Qc2 Bd6 $6 (9... Nbd7) 10.
Qxc4 Qxc4 11. bxc4 Nbd7 12. Nd2 Nc5 13. N2b3 Nfd7 14. Rd1 Be7 (14... Ke7 15.
Ba3 Rd8 (15... Nxb3 16. Nc6+ bxc6 17. Bxd6+ Ke8 18. axb3 $16) 16. Nf3) 15. Be3
O-O 16. Rab1 (16. a4) 16... Na4 17. Rd2 (17. Nxe6 fxe6 18. Bxb7 Bxb7 19. Rxd7
Be4) 17... Bb4 18. Rc2 e5 19. Nc6 $1 bxc6 (19... Nc3 20. Rxc3 (20. Nxb4 $5 Nxb1
21. Bc1) 20... Bxc3 21. Ne7+ Kh8 22. Nd5 Bd4 23. Nxd4 exd4 24. Bxd4 Nf6 25.
Nxf6 gxf6 26. Bxf6+ Kg8 27. c5 Re8 28. e3) 20. Bxc6 Nf6 $6 (20... Ndb6 $1 21.
Bxb6 (21. c5 $4 Bf5) 21... Nxb6 22. c5 Rb8 (22... Bf5 23. e4 Rac8 24. cxb6 Rxc6
25. Rxc6 Bxe4 26. Rbc1 $18) 23. cxb6 Rxb6 24. Bd5 $1 Bh3 (24... Bf5 $6 25. e4
Bh3 26. Nd2 Ba5 27. Rxb6 Bxb6 28. Nf3 $16) 25. Nd2 Rd6 26. e4 Rxd5 27. exd5 Bf5
28. Rxb4 Bxc2 29. Nc4) (20... Rb8 21. Bxa4 Nb6 22. Bxb6 Bf5 23. Bc7 Bxc2 24.
Rc1 Rbc8 25. Bxe5) 21. Nc1 Bf5 22. Nd3 Bc5 (22... Nc3 23. Rxb4 Nxe2+ 24. Rxe2
Bxd3 25. Rd2 Rac8 {por} 26. Bb7 Rcd8 27. Bb6 Rd7 (27... Rb8 28. Bc7 Rxb7 29.
Rxb7 Bxc4 30. Bxe5) 28. Bc6 Rd6 29. Bc5 Rxc6 30. Bxf8 Bxc4 31. Rb8) 23. Bxa4
Bxe3 24. fxe3 Ng4 25. Rc3 Nxe3 26. Re1 Ng4 27. e4 Bc8 28. h3 Nf6 29. Bc6 Rb8
30. g4 h5 $1 31. g5 Nd7 32. c5 Re8 33. Rb3 Rxb3 34. axb3 Re7 35. Bd5 Nf8 36.
Kg2 Ne6 37. h4 f6 38. c6 Kh7 39. Rf1 $6 (39. gxf6 gxf6) 39... fxg5 40. hxg5
Nxg5 41. Rf8 Bg4 42. Nf2 (42. Ra8 Bf3+ 43. Kh2 Bxe4 44. Bxe4+ Nxe4 45. Rxa6 (
45. Nxe5 Rxe5 46. c7 Nd6 47. Rxa6 Rc5) 45... Nc3 46. Rb6 e4 47. Rb7 Re8 48. c7
exd3 49. Rb8 d2 50. Rxe8 d1=Q) 42... Ne6 43. Rb8 (43. Ra8 Nf4+ 44. Kg3 Be2)
43... Nf4+ 44. Kg3 Be6 (44... Be2 45. Rb7 (45. Bg8+ Kh6 (45... Kg6 $4 46. Rb7
Re8 47. Bf7+ $18)) 45... Re8 46. c7 Rc8 47. Bc6 (47. Nh3 Nxh3 48. Be6 (48. Kxh3
Bg4+) 48... Rxc7 49. Rxc7 Nf4 50. Bf5+ Kh6 51. Rc5 g5 52. Rxe5 h4+ 53. Kh2 g4)
47... Bb5 48. Bxb5 axb5 49. Rxb5 Rxc7 50. Rxe5) 45. Bxe6 Nxe6 46. Nd3 Nd4 47.
Nxe5 (47. Nb4 $4 a5 $1 48. Nd5 (48. Rb7 Nxc6 $3) 48... Nxc6) 47... Nxc6 (47...
g5 48. Rd8 Ne6 (48... Rxe5 $6 49. Rxd4 Re8 50. c7 Rc8 51. Rc4 Kg6 52. Rc6+ Kf7
53. e5 Ke7 54. e6 Kf6 55. Kf3 Ke7 56. Ke4 h4 $11) 49. Rd7 Rxd7 50. Nxd7 (50.
cxd7 Nd8) 50... Kg7 51. Nb6 Kf7 52. Nd5 Ke8) (47... Rxe5 48. c7 Rg5+ 49. Kf2 (
49. Kh2 $4 Nf3+ 50. Kh3 h4 51. Rh8+ Kxh8 52. c8=Q+ Kh7) (49. Kh3 Nf3 50. c8=Q
Ng1+ 51. Kh2 Nf3+ 52. Kh3 Ng1+ $11) 49... Rc5 50. c8=Q Rxc8 51. Rxc8 Nxb3) 48.
Nxc6 Rxe4 49. Rb6 g5 50. Rxa6 (50. b4 Re3+ 51. Kf2 Ra3 52. Na5 h4 53. Rxa6 g4
54. Re6 g3+ 55. Kg2 Ra2+ 56. Kg1 h3 57. Re1 Rg2+ 58. Kf1 Rf2+ 59. Kg1 Rg2+)
50... Re3+ 51. Kf2 Rxb3 1/2-1/2

[Event "Bundesliga 0405"]
[Site "Germany"]
[Date "2005.01.29"]
[Round "8.8"]
[White "Meins, Gerlef"]
[Black "Teske, Henrik"]
[Result "1-0"]
[WhiteElo "2440"]
[BlackElo "2538"]
[Annotator "Meyer,CD/Meins"]
[PlyCount "73"]
[EventDate "2004.11.12"]
[EventType "team-tourn"]
[EventRounds "15"]
[EventCountry "GER"]
[SourceTitle "CBM 106"]
[Source "ChessBase"]
[SourceDate "2005.06.06"]
[SourceVersion "1"]
[SourceVersionDate "2005.06.06"]
[SourceQuality "1"]
[WhiteTeam "Werder Bremen"]
[BlackTeam "Tegernsee"]
[WhiteTeamCountry "GER"]
[BlackTeamCountry "GER"]

1. d4 e6 2. Nf3 Nf6 3. g3 b5 4. Bg2 Bb7 5. O-O c5 6. c3 Nc6 $6 {Wurde von
Henrik in der post-mortem-Analyse kritisiert. Wahrscheinlich ist es besser,
sich die Marschroute für den Springer noch weiter offen zu lassen.} (6... cxd4
7. cxd4 Be7 8. Bg5 a6 (8... O-O 9. Nbd2 Qb6 (9... d6 10. Qb3 a6 11. a4 Bc6 12.
axb5 Bxb5 13. Rfe1 Nc6 14. Bxf6 Bxf6 15. e3 d5 16. Bf1 {1/2-1/2 Jirovsky,
M-Navara,D/Karlovy Vary 2004/CBM 100}) 10. a4 Rc8 11. axb5 Qxb5 12. Qb3 Qxb3
13. Nxb3 $14) 9. Nc3 O-O 10. Qd3 d5 $14 {ECO (A2)}) 7. Bg5 Qb6 $6 {Um e2-e4 zu
unterbinden, allerdings führt der Textzug auch zu einer merklichen Schwächung
der schwarzen Bauernstruktur.} 8. Bxf6 gxf6 9. e3 {Hauptsächlich dafür gedacht,
Nbd2 vorzubereiten und erst später zu entscheiden, "wo das Spiel gemacht"
werden soll.} d5 10. Nbd2 f5 {Weil e4 nicht mehr möglich ist, hielt ich nun a4
für die natürlichste Fortsetzung.} 11. a4 a6 $6 {Besser war b4.} 12. axb5 axb5
13. Rxa8+ Bxa8 14. dxc5 Bxc5 15. Nd4 O-O 16. Qh5 Ne5 {Der schwarze Doppelbauer
beginnt, sich peinlich für den Schutz des Königs bemerkbar zu machen.} 17. N2f3
f6 ({Nach dieser Lockerung bricht die schwarze Stellung allmählich auseinander.
Allerdings erscheint} 17... Nxf3+ {ebenfalls unzureichend:} 18. Nxf3 f6 19. b4
Bd6 20. Nd4 Be5 21. Ra1 Bb7 22. Ra5 Bxd4 23. cxd4 {Plan Bf1-d3+/-}) 18. Nxe5
fxe5 19. Nf3 Qc7 20. Qh6 ({Zuerst} 20. Qg5+ {gewann sofort einen Bauern:} Qg7 (
20... Kh8 21. Qh6 Re8 22. Qf6+ Qg7 23. Qxe5) 21. Qxg7+ Kxg7 22. Nxe5) 20... Re8
21. Qg5+ Kf7 (21... Qg7 22. Qxg7+ Kxg7 23. Nxe5 Bd6 24. Nf3 e5 (24... Kf6 25.
Ra1 Bb7 26. Nd4 b4 27. c4 $18) 25. Ra1 {Plan Ra6 bzw. Ra7+-} ({oder} 25. Rd1 {
Plan Nh4+-})) 22. Qh5+ Kf8 23. Ng5 {Der Beginn der Schlußoffensive über beide
Flügel.} Qg7 ({Oder z.B.} 23... Qd7 24. b4 Bb6 (24... Bd6 25. Ra1 Bb7 26. Ra7)
25. Ra1 (25. g4) 25... Bb7 26. Bf1 Re7 27. Qh6+ Kg8 28. Qf6 Bc6 (28... Bd8 29.
Ra7 d4 (29... Re8 30. Bxb5 $18) 30. Rxb7 Qxb7 31. Nxe6 $18) (28... Re8 29. Bxb5
Qe7 30. Qh6 $18) 29. Bxb5 $1 Bxb5 30. Nf7 h5 31. Qg6+ Kf8 32. Nh6 Rg7 33. Ra8+
Bd8 34. Qf6+ Ke8 35. Rxd8+ Qxd8 36. Qxg7 $18) 24. Ra1 Bb7 (24... Bc6 $2 25. b4
$18) 25. Bf1 b4 {(?)} (25... Re7 26. Bxb5 h6 27. Nf3 $16 {/+-, z.B.} Kg8 28.
Ba6 Bc6 29. Bc8 Be8 30. Qh4 Bd7 31. Ra5 Bxc8 32. Rxc5 {usw.}) 26. Bb5 Re7 27.
Bd7 $18 Qf6 28. Nxh7+ Rxh7 29. Qxh7 f4 30. exf4 exf4 31. Qh4 Qxh4 (31... Bxf2+
32. Kxf2 fxg3+ {+ ist wegen} 33. Kxg3 {freilich nur ein Schreckschuß.}) 32.
gxh4 Ke7 33. Ra5 bxc3 34. bxc3 Bd6 35. Ra7 Kxd7 36. Rxb7+ Kc6 37. Rf7 1-0

[Event "SLO-chT"]
[Site "Slovenia"]
[Date "2011.06.03"]
[Round "4"]
[White "Guid, Matej"]
[Black "Mikhalchishin, Adrian"]
[Result "0-1"]
[WhiteElo "2311"]
[BlackElo "2513"]
[Annotator "Mikhalchishin,A"]
[PlyCount "80"]
[EventDate "2011.05.27"]
[EventType "team-tourn"]
[EventRounds "9"]
[EventCountry "SLO"]
[SourceTitle "CBM 142 Extra"]
[Source "ChessBase"]
[SourceDate "2011.06.27"]
[SourceVersion "1"]
[SourceVersionDate "2011.06.27"]
[SourceQuality "1"]
[WhiteTeam "Milan Vidmar"]
[BlackTeam "Ptuj"]
[WhiteTeamCountry "SLO"]
[BlackTeamCountry "SLO"]

1. d4 Nf6 2. Nf3 e6 3. g3 b5 4. Bg2 ({For a long time I believed that here the
most direct way is Murray Chandler's recipe} 4. Qd3 Ba6 5. e4 b4 6. Qe3) 4...
d5 ({The old way is good too, but nowadays players prefer to stop their
opponent's play in the centre radically.} 4... Bb7) 5. O-O Nbd7 6. Ne5 {
A very interesting try, but other moves are equally logical and solid.} c5 ({
It is quite possible to continue with development:} 6... Bb7 7. c4 bxc4 8. Nxc4
c6 9. Ncd2 Qb6 10. Qb3 c5 11. Nc3 Ba6 12. dxc5 Nxc5 13. Qxb6 axb6 14. b4 Ncd7
15. a3 Rc8 16. Bb2 Bd6 17. Rfc1 O-O 18. h3 Rc7 {with an endgame advantage for
Black in Van de Mortel,J (2401)-Naiditsch,A (2586)/Belgium BEL 2002.}) 7. c3 (
7. a4 {was possible:} b4 8. c4 bxc3 9. Nxc3 Ba6) 7... Bb7 (7... Nxe5 {looks
very risky:} 8. dxe5 Ng4 9. e4 Nxe5 10. exd5) 8. Bg5 Be7 ({Once more} 8... Nxe5
{looks a bit risky:} 9. dxe5 h6 10. Bxf6 gxf6 11. exf6 Qxf6 12. e4 O-O-O) ({
But it was possible to avoid this pin:} 8... Qc7 9. Nxd7 Nxd7) 9. Bxf6 $5 {
Lately this bishop exchange has became popular, but I dont think that it can
pose Black problems.} gxf6 $6 ({Risky strategy, much more normal would be} 9...
Bxf6 10. Nxd7 Qxd7 11. dxc5 Qc7 12. b4 a5) 10. Nxd7 Qxd7 11. Nd2 O-O $2 ({
Black would achieve very comfortable play after} 11... cxd4 12. cxd4 O-O 13.
Rc1 Rfc8 14. Nb3 Rc4) 12. dxc5 Bxc5 13. e4 $1 dxe4 ({I planned} 13... Rad8 14.
Nb3 Bb6 ({a very unpleasant position appears after} 14... Qe7 15. Nxc5 Qxc5 16.
Qg4+ Kh8 17. Qh4 Qe7 18. e5) 15. exd5 Bxd5 16. Qg4+ Kh8 17. Rfd1 {but this
position was completely unpleasant for me.}) 14. Nxe4 Qxd1 15. Raxd1 (15. Nxf6+
{did not work:} Kg7 16. Rfxd1 Bxg2 17. Nd7 Bf3 18. Rd3 Be2 19. Rd2 Rfd8) 15...
Bxe4 16. Bxe4 Rad8 17. a3 $1 {Good move, preventing b5-b4; now Black has to
react very precisely in this opposite coloured bishop ending.} a5 18. Bc6 b4
19. cxb4 axb4 20. a4 Bb6 (20... Bd4 {was the other alternative.}) 21. Bd7 Rb8
22. Rd2 ({After} 22. Rd6 Rfd8 23. Rfd1 Kf8 {Black would slowly equalise.})
22... Rfd8 23. Rfd1 e5 $5 {A risky move, but to place the bishop on d4 poses
some threat to White.} 24. Kf1 (24. b3 {would be better}) 24... Bd4 25. Bf5 b3
$1 {Now White has to think about the weakness of pawn on b2.} 26. Bd3 Rdc8 (
26... Rd5 {would be more precise.}) 27. Ke2 $2 (27. a5 {was required.}) 27...
Rc5 28. Bb5 Rbc8 29. Kd3 $2 ({It was better to control the c2-square.} 29. Bd3)
29... Rc2 $17 30. Rxc2 Rxc2 31. Rd2 $2 ({The last chance to save the game was
to play with a pawn down:} 31. a5 Rxb2 32. Ba4 Ra2 33. Bxb3 Rxa5 34. f4) 31...
e4+ $1 32. Kxd4 (32. Ke2 {lost on the spot:} Bxb2 33. Bc4 Bc3) 32... Rxd2+ 33.
Kc3 Rxf2 34. a5 e3 $1 35. Kxb3 ({Or} 35. a6 e2 36. Kd2 e1=Q+ 37. Kxe1 Rxb2 38.
Bc4 Ra2 {winning.}) 35... Rf5 $1 {The simplest way to win.} 36. Bc4 Rxa5 37.
Kc3 Re5 38. Be2 Rd5 39. Bd3 Kf8 40. Kc4 Rd6 0-1